| 000 | 00813nam a22002417a 4500 | ||
|---|---|---|---|
| 008 | 130821s1925 fr gr fre | ||
| 040 |
_aCo-BoUCM _bspa |
||
| 041 | 0 | 0 | _afre |
| 100 |
_aOssendowski, Ferdinand _9149864 |
||
| 245 | 0 | 3 |
_aL'homme et le mystère en Asie _cFerdinand Ossendowski ; traduit de L'anglais par Robert Renard |
| 260 |
_aParís (Francia) _bPlon-Nourrit _c1925 |
||
| 300 | _a306 páginas | ||
| 500 | _aNotas a pie de página.-- Incluye índice | ||
| 650 | 0 | 4 |
_aHistoria _97695 |
| 650 | 0 | 4 |
_aMahometanos en Rusia _918873 |
| 650 | 0 | 4 |
_aMisticismo _919620 |
| 650 | 0 | 4 |
_aMisticismo _xAsia _919620 |
| 651 |
_aAsia _926576 |
||
| 651 |
_aRusia _927293 |
||
| 651 |
_aRusia _xHistoria _960019 |
||
| 942 |
_cLIBRO _a4 _e1 _mO77 _n0 _2DEWEY _h291.422 |
||
| 999 |
_c86327 _d86327 |
||